[Event "SVK-chT2B 1415"]
[Site "Slovakia"]
[Date "2015.02.14"]
[Round "8.7"]
[White "Gono, Michal"]
[Black "Nagy, Attila4444"]
[Result "0-1"]
[WhiteElo "1922"]
[BlackElo "1822"]
[PlyCount "64"]
[EventDate "2014.10.11"]
[EventType "team-tourn"]
[EventRounds "11"]
[EventCountry "SVK"]
[SourceTitle "EXT 2019"]
[Source "ChessBase"]
[SourceDate "2018.10.10"]
[SourceVersion "1"]
[SourceVersionDate "2018.10.10"]
[SourceQuality "1"]
[WhiteTeam "Nitra ASK"]
[BlackTeam "Batorove Kosihy"]
[WhiteTeamCountry "SVK"]
[BlackTeamCountry "SVK"]

1. Nf3 Nf6 2. d4 g6 3. Bf4 d5 4. h3 Bg7 5. e3 0-0 6. Bd3 c5 7. c3 Qb6 8. Qc1 Nc6 9. Nbd2 Bd7 10. 0-0 Rac8 11. Qb1 Rfe8 12. Bc2 Nh5 13. Bh2 e5 14. dxc5 Qxc5 15. e4 Nf6 16. exd5 Qxd5 17. Bb3 Qc5 18. Ng5 Re7 19. Nge4 Nxe4 20. Nxe4 Qb6 21. Qd1 Bf5 22. Qf3 Na5 23. Nd2 e4 24. Qe2 e3 25. Kh1 Rd8 26. Nc4 Nxc4 27. Qxc4 Bd3 28. Qh4 Bf6 29. Qh6 Bxf1 30. Rxf1 e2 31. Re1 Qxf2 32. Qc1 Bh4 0-1

[Event "SVK-chT2B 1415"]
[Site "Slovakia"]
[Date "2014.12.06"]
[Round "5.5"]
[White "Gono, Michal"]
[Black "Kuna, Martin"]
[Result "1-0"]
[WhiteElo "1922"]
[BlackElo "1659"]
[PlyCount "115"]
[EventDate "2014.10.11"]
[EventType "team-tourn"]
[EventRounds "11"]
[EventCountry "SVK"]
[SourceTitle "EXT 2019"]
[Source "ChessBase"]
[SourceDate "2018.10.10"]
[SourceVersion "1"]
[SourceVersionDate "2018.10.10"]
[SourceQuality "1"]
[WhiteTeam "Nitra ASK"]
[BlackTeam "Nitra NSK II"]
[WhiteTeamCountry "SVK"]
[BlackTeamCountry "SVK"]

1. d4 d5 2. Bf4 Bf5 3. e3 e6 4. c4 c6 5. Nc3 Bd6 6. Bg3 Nf6 7. Qb3 b6 8. Nf3 Bxg3 9. hxg3 Nbd7 10. Nh4 Bg6 11. Nxg6 fxg6 12. Bd3 0-0 13. 0-0 Kh8 14. Rae1 Ng4 15. f3 Ngf6 16. g4 Qc7 17. g5 Nh5 18. f4 Ng3 19. Rf3 Nf5 20. Rh3 Rae8 21. Qc2 Kg8 22. Qf2 Rf7 23. g4 Nxe3 24. Rexe3 Qxf4 25. Qxf4 Rxf4 26. cxd5 cxd5 27. Nb5 Rxg4+ 28. Rhg3 Rxg3+ 29. Rxg3 a5 30. Re3 Nf8 31. Nc7 Rc8 32. Nb5 Rc1+ 33. Kg2 Rd1 34. Bf1 Rc1 35. Nc3 Rc2+ 36. Re2 Rxe2+ 37. Bxe2 h6 38. Na4 Nd7 39. Bb5 Nf8 40. Nxb6 hxg5 41. Nd7 Nxd7 42. Bxd7 Kf7 43. Kg3 Kf6 44. Kf3 e5 45. Ke3 Ke7 46. Bh3 Kd6 47. Bg4 e4 48. Bh3 Kc6 49. Be6 Kd6 50. Bf7 Kc6 51. Bxg6 Kd6 52. Bf5 Kc6 53. b3 Kb5 54. a3 Kc6 55. Bg4 Kb5 56. Be2+ Kb6 57. Kf2 Kc6 58. Kg3 1-0

[Event "SVK-chT4A21 1314"]
[Site "Slovakia"]
[Date "2014.03.30"]
[Round "11.1"]
[White "Vepy, Ivan"]
[Black "Gono, Michal"]
[Result "1-0"]
[WhiteElo "1926"]
[BlackElo "1941"]
[PlyCount "63"]
[EventDate "2013.10.06"]
[EventType "team-tourn"]
[EventRounds "11"]
[EventCountry "SVK"]
[SourceTitle "EXT 2022"]
[Source "ChessBase"]
[SourceDate "2021.10.06"]
[SourceVersion "1"]
[SourceVersionDate "2021.10.06"]
[SourceQuality "1"]
[WhiteTeam "Skalica III"]
[BlackTeam "Piestany Kupele II"]
[WhiteTeamCountry "SVK"]
[BlackTeamCountry "SVK"]

1. e4 d5 2. exd5 Nf6 3. Nf3 Nxd5 4. d4 Bf5 5. Bd3 Bg4 6. Bd2 e6 7. h3 Bh5 8. Nc3 c6 9. a3 Qb6 10. Nxd5 cxd5 11. c3 Nc6 12. Qe2 Bd6 13. Qe3 Bxf3 14. Qxf3 Na5 15. Rb1 Nc4 16. Bc1 Bc7 17. 0-0 0-0 18. Re1 Rae8 19. Re2 Qd6 20. g3 e5 21. Bxc4 dxc4 22. Qxb7 exd4 23. Rxe8 Rxe8 24. Bd2 Re2 25. Bf4 Qf6 26. Qxc7 g5 27. Qc8+ Kg7 28. Qxc4 Qf5 29. Rd1 d3 30. Be3 Qf3 31. Qd4+ f6 32. Rf1 1-0

[Event "SVK-chT3A2 1314"]
[Site "Slovakia"]
[Date "2014.03.23"]
[Round "11.3"]
[White "Gono, Michal"]
[Black "Vizvari, Ludovit"]
[Result "1-0"]
[WhiteElo "1941"]
[BlackElo "1996"]
[PlyCount "93"]
[EventDate "2013.10.13"]
[EventType "team-tourn"]
[EventRounds "11"]
[EventCountry "SVK"]
[SourceTitle "EXT 2015"]
[Source "ChessBase"]
[SourceDate "2014.11.20"]
[SourceVersion "1"]
[SourceVersionDate "2014.11.20"]
[SourceQuality "1"]
[WhiteTeam "Piestany Kupele"]
[BlackTeam "Velky Meder MSK Corvin"]
[WhiteTeamCountry "SVK"]
[BlackTeamCountry "SVK"]

1. d4 d5 2. Bf4 e6 3. e3 c5 4. c3 Nc6 5. Nf3 Bd6 6. Bg5 Nf6 7. Nbd2 cxd4 8. exd4 h6 9. Bh4 0-0 10. Bd3 e5 11. dxe5 Nxe5 12. Be2 Re8 13. 0-0 g5 14. Bg3 Nxf3+ 15. Nxf3 Bxg3 16. hxg3 Qb6 17. b3 Ne4 18. Rc1 Nxg3 19. Re1 Bg4 20. Qd3 Re7 21. Nxg5 Ne4 22. Nxe4 Bxe2 23. Rxe2 dxe4 24. Rxe4 Rae8 25. Rxe7 Rxe7 26. Rd1 Qe6 27. Qg3+ Kh7 28. Rd8 Qg6 29. Qxg6+ fxg6 30. Kf1 Kg7 31. Rd6 h5 32. c4 b6 33. Rd2 Kf6 34. Re2 Rd7 35. Ke1 g5 36. Rd2 Re7+ 37. Kd1 Kf5 38. Rd5+ Kg6 39. Kd2 h4 40. f3 Kf6 41. b4 Rh7 42. a4 Rg7 43. Rd4 Re7 44. c5 bxc5 45. bxc5 Re5 46. Rc4 Ke7 47. Re4 1-0

[Event "SVK-chT3A2 1314"]
[Site "Slovakia"]
[Date "2014.03.02"]
[Round "10.4"]
[White "Drgon, Matus"]
[Black "Gono, Michal"]
[Result "0-1"]
[WhiteElo "1712"]
[BlackElo "1941"]
[PlyCount "81"]
[EventDate "2013.10.13"]
[EventType "team-tourn"]
[EventRounds "11"]
[EventCountry "SVK"]
[SourceTitle "EXT 2015"]
[Source "ChessBase"]
[SourceDate "2014.11.20"]
[SourceVersion "1"]
[SourceVersionDate "2014.11.20"]
[SourceQuality "1"]
[WhiteTeam "Hlohovec"]
[BlackTeam "Piestany Kupele"]
[WhiteTeamCountry "SVK"]
[BlackTeamCountry "SVK"]

1. e4 b6 2. d4 Bb7 3. Nc3 e6 4. Nf3 Bb4 5. Bd3 Nf6 6. Bg5 h6 7. Bxf6 Qxf6 8. 0-0 Nc6 9. e5 Qd8 10. a3 Bxc3 11. bxc3 Ne7 12. Re1 d5 13. Nd2 Qd7 14. a4 a5 15. Qg4 g5 16. Reb1 0-0-0 17. Qe2 Rdg8 18. Ba6 Ng6 19. Nb3 Bxa6 20. Qxa6+ Kd8 21. Nxa5 bxa5 22. Qxa5 Qc6 23. Rb5 Kd7 24. Rab1 Ra8 25. Qb4 Rhc8 26. a5 Qc4 27. Qxc4 dxc4 28. Ra1 Ra6 29. f3 Rca8 30. Kf2 Ne7 31. Ra4 Nc6 32. Rxc4 Rxa5 33. Rxa5 Rxa5 34. Ke3 Ne7 35. g3 Nd5+ 36. Kd3 Ra1 37. Rc5 Rh1 38. c4 Nb6 39. h4 gxh4 40. gxh4 Rxh4 41. Rb5 0-1

[Event "SVK-chT4A21 1314"]
[Site "Slovakia"]
[Date "2013.11.03"]
[Round "3.1"]
[White "Gono, Michal"]
[Black "Podjavorinsky, Michal"]
[Result "1-0"]
[WhiteElo "1941"]
[BlackElo "1719"]
[PlyCount "67"]
[EventDate "2013.10.06"]
[EventType "team-tourn"]
[EventRounds "11"]
[EventCountry "SVK"]
[SourceTitle "EXT 2022"]
[Source "ChessBase"]
[SourceDate "2021.10.06"]
[SourceVersion "1"]
[SourceVersionDate "2021.10.06"]
[SourceQuality "1"]
[WhiteTeam "Piestany Kupele II"]
[BlackTeam "Vrbove III"]
[WhiteTeamCountry "SVK"]
[BlackTeamCountry "SVK"]

1. f4 Nf6 2. Nf3 g6 3. g3 Bg7 4. Bg2 0-0 5. 0-0 d6 6. d3 c6 7. e4 Bg4 8. Qe1 Qc8 9. c3 Bh3 10. Ng5 Bxg2 11. Kxg2 Nbd7 12. e5 dxe5 13. fxe5 Nd5 14. e6 Ne5 15. exf7+ Nxf7 16. Ne6 Re8 17. c4 Nc7 18. Nxg7 Kxg7 19. b3 Kg8 20. Bb2 e5 21. Nd2 Qe6 22. Ne4 Rf8 23. Ba3 Rfd8 24. Rf6 Qd7 25. Rf3 Ne8 26. Qf2 Nfd6 27. Bxd6 Qe6 28. Ba3 Ng7 29. Rf6 Qg4 30. Qf3 Qc8 31. Be7 Nf5 32. Bxd8 Qxd8 33. Rxf5 gxf5 34. Qxf5 1-0

[Event "SVK-chT3A2 1314"]
[Site "Slovakia"]
[Date "2013.10.13"]
[Round "1.5"]
[White "Gono, Michal"]
[Black "Bukovsky, Milan"]
[Result "1/2-1/2"]
[WhiteElo "1941"]
[BlackElo "1930"]
[PlyCount "80"]
[EventDate "2013.10.13"]
[EventType "team-tourn"]
[EventRounds "11"]
[EventCountry "SVK"]
[SourceTitle "EXT 2015"]
[Source "ChessBase"]
[SourceDate "2014.11.20"]
[SourceVersion "1"]
[SourceVersionDate "2014.11.20"]
[SourceQuality "1"]
[WhiteTeam "Piestany Kupele"]
[BlackTeam "Trnava Lokomotiva III"]
[WhiteTeamCountry "SVK"]
[BlackTeamCountry "SVK"]

1. Nf3 Nf6 2. d4 g6 3. Bf4 Bg7 4. e3 0-0 5. Bd3 d5 6. Nbd2 Nbd7 7. 0-0 c6 8. c3 Qb6 9. Qb3 Re8 10. e4 dxe4 11. Nxe4 Nxe4 12. Bxe4 Nf6 13. Bd3 Qxb3 14. axb3 a6 15. Rfe1 Nd5 16. Bd2 Bf5 17. Bxf5 gxf5 18. Ne5 Rad8 19. Nd3 e6 20. Nc5 Re7 21. Bg5 Bf6 22. Bd2 Kg7 23. f3 Kg6 24. Re2 h5 25. g3 Rg8 26. Rae1 b6 27. Nd3 Rd7 28. Kh1 Rgd8 29. h3 a5 30. Rd1 Kh7 31. Bf4 Nxf4 32. Nxf4 Kh6 33. Ra1 Ra8 34. b4 Rda7 35. bxa5 Rxa5 36. Rxa5 Rxa5 37. Nd3 Ra1+ 38. Kg2 Ra8 39. h4 Rd8 40. b4 Ra8 1/2-1/2

[Event "SVK-chT3A2 1011"]
[Site "Slovakia"]
[Date "2010.11.14"]
[Round "3.2"]
[White "Gono, Michal"]
[Black "Strakac, Petr"]
[Result "0-1"]
[WhiteElo "1951"]
[BlackElo "2046"]
[PlyCount "84"]
[EventDate "2010.10.17"]
[EventType "team-tourn"]
[EventRounds "11"]
[EventCountry "SVK"]
[SourceTitle "EXT 2012"]
[Source "ChessBase"]
[SourceDate "2011.11.24"]
[SourceVersion "1"]
[SourceVersionDate "2011.11.24"]
[SourceQuality "1"]
[WhiteTeam "Piestany Kupele II"]
[BlackTeam "Skalica"]
[WhiteTeamCountry "SVK"]
[BlackTeamCountry "SVK"]

1. d4 f5 2. g3 Nf6 3. Bg2 e6 4. Nf3 Be7 5. 0-0 0-0 6. c4 d6 7. Nc3 Qe8 8. Qc2 c6 9. b3 d5 10. Ne5 Qh5 11. f4 Bd7 12. e3 Na6 13. Qe2 Qxe2 14. Nxe2 Be8 15. a3 Bh5 16. Nc3 Nc7 17. Bf3 Bxf3 18. Rxf3 Bd6 19. c5 Bxe5 20. fxe5 Ne4 21. Nxe4 dxe4 22. Rf2 Nd5 23. Rc2 g5 24. Bd2 Kg7 25. Rf1 Kg6 26. Bc1 Rf7 27. h3 h5 28. Kh2 Rh7 29. h4 Kh6 30. Rg2 Rg7 31. Rfg1 Rag8 32. Bd2 gxh4 33. gxh4 Rg4 34. Kh3 Rxg2 35. Rxg2 Rg4 36. Re2 Kg6 37. Ba5 f4 38. Bd2 f3 39. Rh2 Rg1 40. a4 Ne7 41. b4 Nf5 42. b5 Rg3# 0-1

[Event "Brezova op"]
[Site "Brezova pod Bradlom"]
[Date "2010.08.24"]
[Round "3"]
[White "Pecha, Tomas"]
[Black "Gono, Michal"]
[Result "1-0"]
[WhiteElo "2187"]
[BlackElo "1951"]
[PlyCount "141"]
[EventDate "2010.08.22"]
[EventType "swiss"]
[EventRounds "9"]
[EventCountry "SVK"]
[SourceTitle "CBM 138 Extra"]
[Source "ChessBase"]
[SourceDate "2010.10.29"]
[SourceVersion "1"]
[SourceVersionDate "2010.10.29"]
[SourceQuality "1"]

1. Nf3 Nf6 2. c4 g6 3. g3 Bg7 4. Bg2 0-0 5. 0-0 c6 6. d3 d6 7. Nc3 e5 8. Qc2 Nbd7 9. Rb1 Ne8 10. b4 f5 11. b5 c5 12. Nd2 Rb8 13. a4 b6 14. Nb3 Bb7 15. Nd5 Nc7 16. e4 Ne6 17. f3 Bxd5 18. exd5 Nd4 19. Nxd4 exd4 20. Bd2 Re8 21. f4 Nf6 22. Bf3 Qd7 23. a5 Ng4 24. Bxg4 fxg4 25. Rbe1 Rxe1 26. Rxe1 Re8 27. Qd1 Rxe1+ 28. Qxe1 Kf7 29. Kf2 Qf5 30. Qe2 Bf6 31. axb6 axb6 32. Ke1 Be7 33. Kd1 Bd8 34. Kc2 Be7 35. Qe1 Bd8 36. Qa1 Qd7 37. Qf1 Qf5 38. Qe2 Be7 39. Kd1 Bd8 40. Ke1 Be7 41. Kf1 Bd8 42. Kg2 Be7 43. Kg1 h5 44. Qe4 Qxe4 45. dxe4 Bf6 46. Kf2 Ke7 47. Ke2 Kd7 48. Kd3 Kd8 49. Ke2 Kd7 50. Kf2 Kd8 51. Kg2 Kd7 52. h3 Kd8 53. hxg4 hxg4 54. Kf2 Kd7 55. Ke2 Kc7 56. Kd3 Kd7 57. Be1 Kc7 58. e5 dxe5 59. Ke4 Kd6 60. Bd2 Bg7 61. f5 gxf5+ 62. Kxf5 Bf8 63. Bg5 Be7 64. Bxe7+ Kxe7 65. Kxg4 e4 66. Kf4 e3 67. Kf3 Kf6 68. g4 Ke5 69. g5 Kf5 70. d6 Ke6 71. g6 1-0

[Event "SVK-chT3A2 0910"]
[Site "Slovakia"]
[Date "2010.03.28"]
[Round "11.6"]
[White "Gono, Michal"]
[Black "Holicky, Miroslav"]
[Result "1-0"]
[WhiteElo "1852"]
[BlackElo "1801"]
[PlyCount "101"]
[EventDate "2009.10.18"]
[EventType "team-tourn"]
[EventRounds "11"]
[EventCountry "SVK"]
[SourceTitle "EXT 2011"]
[Source "ChessBase"]
[SourceDate "2010.11.26"]
[SourceVersion "1"]
[SourceVersionDate "2010.11.26"]
[SourceQuality "1"]
[WhiteTeam "Piestany Kupele II"]
[BlackTeam "Trnava III"]
[WhiteTeamCountry "SVK"]
[BlackTeamCountry "SVK"]

1. d4 d5 2. Bf4 Nf6 3. e3 c6 4. Bd3 g6 5. h3 Bg7 6. Nf3 0-0 7. Nbd2 Na6 8. c3 Nc7 9. 0-0 Ne6 10. Be5 Ne8 11. Bxg7 N6xg7 12. e4 dxe4 13. Nxe4 Nd6 14. Re1 Be6 15. Nc5 Bd5 16. Qe2 b6 17. Nb3 Bxf3 18. Qxf3 Qc7 19. a4 a5 20. Re5 Rad8 21. Rae1 e6 22. h4 Ngf5 23. h5 Kh8 24. g4 Ng7 25. h6 Nge8 26. Rxe6 f6 27. Re7 Rd7 28. Rxd7 Qxd7 29. c4 Nb7 30. Be4 Nd8 31. c5 bxc5 32. dxc5 Qb7 33. Rd1 Qc7 34. Nd4 Qe5 35. Nxc6 Nxc6 36. Bxc6 Nc7 37. Qe3 Qxe3 38. fxe3 Na6 39. Rd5 Nb4 40. Rd6 Nxc6 41. Rxc6 Kg8 42. Ra6 Rb8 43. Rb6 Rc8 44. Rb5 Rd8 45. Kf2 Kf7 46. Kf3 Rd2 47. Rb7+ Ke6 48. Rxh7 Rxb2 49. c6 Rb8 50. c7 Rc8 51. Rg7 1-0

[Event "SVK-chT3A2 0910"]
[Site "Slovakia"]
[Date "2010.01.31"]
[Round "7.6"]
[White "Gono, Michal"]
[Black "Markuliak, Mario"]
[Result "1-0"]
[WhiteElo "1852"]
[BlackElo "1909"]
[PlyCount "95"]
[EventDate "2009.10.18"]
[EventType "team-tourn"]
[EventRounds "11"]
[EventCountry "SVK"]
[SourceTitle "EXT 2011"]
[Source "ChessBase"]
[SourceDate "2010.11.26"]
[SourceVersion "1"]
[SourceVersionDate "2010.11.26"]
[SourceQuality "1"]
[WhiteTeam "Piestany Kupele II"]
[BlackTeam "Cifer"]
[WhiteTeamCountry "SVK"]
[BlackTeamCountry "SVK"]

1. Nf3 Nf6 2. d4 g6 3. Bf4 Bg7 4. e3 0-0 5. Bd3 d5 6. Nbd2 Nbd7 7. 0-0 c5 8. c3 b6 9. h3 Bb7 10. Ne5 Nxe5 11. Bxe5 Nd7 12. Bxg7 Kxg7 13. Nf3 f6 14. Nh4 e5 15. Bb5 a6 16. Bxd7 Qxd7 17. Nf3 exd4 18. exd4 Rfe8 19. Re1 Rxe1+ 20. Qxe1 Re8 21. Qd2 Qc6 22. Re1 Rxe1+ 23. Qxe1 Bc8 24. Qe7+ Kg8 25. Qd8+ Kg7 26. Qe7+ Kg8 27. a4 a5 28. dxc5 bxc5 29. Qd8+ Kg7 30. Qxa5 Bd7 31. b3 d4 32. cxd4 cxd4 33. Qd2 Bxh3 34. Qxd4 Be6 35. Qa7+ Kh6 36. Qe3+ Kg7 37. Nd4 Qd5 38. Nxe6+ Kf7 39. Nf4 Qd1+ 40. Kh2 g5 41. Qe6+ Kg7 42. Qe7+ Kg8 43. Qe8+ Kg7 44. Ne6+ Kh6 45. Qf8+ Kg6 46. Qg8+ Kf5 47. Ng7+ Kf4 48. Qc4+ 1-0

[Event "SVK-chT2A 0910"]
[Site "Slovakia"]
[Date "2009.10.11"]
[Round "2.8"]
[White "Pekar, Jozef"]
[Black "Gono, Michal"]
[Result "1-0"]
[WhiteElo "1960"]
[BlackElo "1852"]
[PlyCount "65"]
[EventDate "2009.10.10"]
[EventType "team-tourn"]
[EventRounds "11"]
[EventCountry "SVK"]
[SourceTitle "EXT 2011"]
[Source "ChessBase"]
[SourceDate "2010.11.26"]
[SourceVersion "1"]
[SourceVersionDate "2010.11.26"]
[SourceQuality "1"]
[WhiteTeam "Pezinok KS"]
[BlackTeam "Piestany Kupele"]
[WhiteTeamCountry "SVK"]
[BlackTeamCountry "SVK"]

1. e4 c6 2. d4 d5 3. e5 Bf5 4. g4 Be4 5. f3 Bg6 6. h4 h6 7. h5 Bh7 8. Bd3 Bxd3 9. Qxd3 e6 10. Be3 Qb6 11. b3 c5 12. c3 Nc6 13. Ne2 Rc8 14. Nd2 cxd4 15. Bxd4 Bc5 16. Rc1 Nge7 17. f4 Kd7 18. Bxc5 Qxc5 19. Ne4 Qb6 20. Nd6 Rcf8 21. b4 Nc8 22. Ne4 Ke7 23. Nc5 Rd8 24. a4 d4 25. a5 Nxa5 26. Nxd4 Nc6 27. Qc4 Nxd4 28. cxd4 Qc6 29. 0-0 Nb6 30. b5 Qc7 31. Qb4 Nd5 32. Na6+ Nxb4 33. Rxc7+ 1-0

[Event "SVK-chT2A 0910"]
[Site "Slovakia"]
[Date "2009.10.10"]
[Round "1.7"]
[White "Kollarik, Gorazd"]
[Black "Gono, Michal"]
[Result "0-1"]
[WhiteElo "1898"]
[BlackElo "1852"]
[PlyCount "138"]
[EventDate "2009.10.10"]
[EventType "team-tourn"]
[EventRounds "11"]
[EventCountry "SVK"]
[SourceTitle "EXT 2011"]
[Source "ChessBase"]
[SourceDate "2010.11.26"]
[SourceVersion "1"]
[SourceVersionDate "2010.11.26"]
[SourceQuality "1"]
[WhiteTeam "Hlohovec SK Zentiva II"]
[BlackTeam "Piestany Kupele"]
[WhiteTeamCountry "SVK"]
[BlackTeamCountry "SVK"]

1. e4 c6 2. d4 d5 3. Nc3 dxe4 4. Nxe4 Bf5 5. Ng3 Bg6 6. Nf3 Nd7 7. h4 h6 8. h5 Bh7 9. Bd3 Bxd3 10. Qxd3 e6 11. Be3 Qc7 12. 0-0-0 0-0-0 13. c3 Ngf6 14. Ne4 Nxe4 15. Qxe4 Nf6 16. Qd3 Qa5 17. Kb1 Bd6 18. b4 Qc7 19. a4 Nd5 20. Kb2 a5 21. bxa5 Qxa5 22. Bd2 Nb6 23. Ra1 Nc4+ 24. Kc1 Nxd2 25. Qxd2 Qf5 26. Rh4 Be7 27. Rh3 e5 28. Kb2 exd4 29. Nxd4 Qd5 30. Qf4 Bf6 31. Qf3 Bxd4 32. Qxd5 Rxd5 33. cxd4 Rxd4 34. Rf3 Rf8 35. g3 Rd5 36. Rh1 Kc7 37. Rh4 f6 38. Kc3 Re8 39. Rd3 Ree5 40. Rxd5 Rxd5 41. Re4 Re5 42. Rg4 Rg5 43. Re4 Kd6 44. g4 f5 45. Rd4+ Kc7 46. f3 fxg4 47. fxg4 Rd5 48. Rf4 Kd8 49. Re4 Rd7 50. Kc4 Re7 51. Rd4+ Kc7 52. Kc3 Rd7 53. Rf4 Kd6 54. Rd4+ Ke6 55. Re4+ Kf6 56. Kc4 Re7 57. Rf4+ Kg5 58. Rd4 b5+ 59. axb5 cxb5+ 60. Kxb5 Re5+ 61. Kc4 Kh4 62. Kd3 Rg5 63. Ke3 Rxg4 64. Rd5 Rg5 65. Rd4+ Kxh5 66. Kf2 Rg4 67. Rd5+ g5 68. Rd6 Rb4 69. Kg3 Rb3+ 0-1

[Event "Brezova op"]
[Site "Brezova pod Bradlom"]
[Date "2009.08.29"]
[Round "9"]
[White "Hujo, Jozef"]
[Black "Gono, Michal"]
[Result "1/2-1/2"]
[WhiteElo "2142"]
[BlackElo "1866"]
[PlyCount "118"]
[EventDate "2009.08.22"]
[EventType "swiss"]
[EventRounds "9"]
[EventCountry "SVK"]
[SourceTitle "CBM 132 Extra"]
[Source "ChessBase"]
[SourceDate "2009.11.03"]
[SourceVersion "1"]
[SourceVersionDate "2009.11.03"]
[SourceQuality "1"]

1. c4 c6 2. Nc3 d5 3. cxd5 cxd5 4. d4 Nc6 5. Nf3 Nf6 6. Bf4 Qb6 7. Na4 Qa5+ 8. Bd2 Qc7 9. e3 Bg4 10. Rc1 a6 11. Be2 Bxf3 12. Bxf3 e6 13. Nc3 Rc8 14. e4 dxe4 15. Nxe4 Nxe4 16. Bxe4 Qd7 17. Bc3 Be7 18. d5 exd5 19. Bxd5 Rd8 20. Bxg7 Rg8 21. Bxc6 bxc6 22. Qxd7+ Rxd7 23. Bc3 Rxg2 24. Kf1 Rg6 25. Rg1 Rd5 26. Re1 Kd7 27. Rg3 Bc5 28. Rf3 f5 29. Rh3 h6 30. Re5 Rxe5 31. Bxe5 Ke6 32. Bf4 Bd4 33. b3 Bg7 34. Ke2 Kd5 35. Kf3 Kd4 36. Rh5 Rf6 37. Rh4 Kd5 38. Be3 Rg6 39. Rc4 Bf8 40. Rd4+ Ke5 41. Ra4 c5 42. Ra5 Kd5 43. a3 Rb6 44. b4 Rb5 45. Rxb5 axb5 46. bxc5 Bg7 47. Bd2 Be5 48. h3 h5 49. Bb4 Bd4 50. Kf4 Bxf2 51. Kxf5 Bxc5 52. Bxc5 Kxc5 53. Kg5 Kc4 54. Kxh5 Kb3 55. Kg5 Kxa3 56. h4 b4 57. h5 b3 58. h6 b2 59. h7 b1Q 1/2-1/2

[Event "Brezova op"]
[Site "Brezova pod Bradlom"]
[Date "2009.08.28"]
[Round "8"]
[White "Gono, Michal"]
[Black "Kovac, Andrej"]
[Result "1/2-1/2"]
[WhiteElo "1866"]
[BlackElo "2126"]
[PlyCount "166"]
[EventDate "2009.08.22"]
[EventType "swiss"]
[EventRounds "9"]
[EventCountry "SVK"]
[SourceTitle "CBM 132 Extra"]
[Source "ChessBase"]
[SourceDate "2009.11.03"]
[SourceVersion "1"]
[SourceVersionDate "2009.11.03"]
[SourceQuality "1"]

1. d4 Nf6 2. c4 g6 3. Nc3 Bg7 4. e4 d6 5. f4 0-0 6. Nf3 Nbd7 7. Be2 c5 8. d5 a6 9. 0-0 Rb8 10. a4 Re8 11. Qc2 Nf8 12. Rd1 Qc7 13. Rb1 e5 14. fxe5 dxe5 15. Bg5 N8d7 16. Nd2 h6 17. Bh4 Kh7 18. Rf1 Rf8 19. Nd1 Qd6 20. Ne3 Ne8 21. Rf3 Ndf6 22. Rf2 b6 23. h3 Rb7 24. g4 Qb8 25. Bg3 Ng8 26. b3 Nd6 27. Rff1 Bd7 28. Qc3 f6 29. Qc2 Ne7 30. Bd3 Qc7 31. Rf2 Rfb8 32. Ndf1 b5 33. axb5 axb5 34. Qc1 bxc4 35. bxc4 Rxb1 36. Bxb1 Rb4 37. Rb2 Qb7 38. Rxb4 Qxb4 39. Be1 Qa4 40. Qc2 Qa3 41. Qc3 Qa4 42. Bc2 Qa2 43. Qa5 Qxa5 44. Bxa5 Nec8 45. Kg2 Bf8 46. Kf3 Kg7 47. Bb3 Kf7 48. Nd1 Nb7 49. Bd2 Bd6 50. Nb2 Bc7 51. Ba4 Bxa4 52. Nxa4 Ncd6 53. Ne3 Ke7 54. h4 Nf7 55. Nc2 Nfd6 56. Ne3 Kd7 57. Bc3 Bd8 58. h5 Nf7 59. hxg6 Ng5+ 60. Ke2 Ke8 61. Kd3 Nh3 62. Nf5 Nf2+ 63. Ke3 Nxg4+ 64. Kf3 h5 65. Ng7+ Kf8 66. Ne6+ Ke7 67. Nxd8 Kxd8 68. g7 Nh6 69. Bd2 Ng8 70. Be3 Nd6 71. Nxc5 Nxc4 72. Bc1 Ke7 73. Kg3 Kf7 74. Kh4 Kg6 75. Nb7 Kxg7 76. Kxh5 Kf7 77. Kg4 Ke7 78. Kf5 Kd7 79. Kg6 Nb6 80. Kg7 Ne7 81. Kxf6 Nexd5+ 82. exd5 Nxd5+ 83. Kxe5 Nb4 1/2-1/2

[Event "Brezova op"]
[Site "Brezova pod Bradlom"]
[Date "2009.08.23"]
[Round "3"]
[White "Gono, Michal"]
[Black "Sarmir, Milos"]
[Result "0-1"]
[WhiteElo "1866"]
[BlackElo "2090"]
[PlyCount "138"]
[EventDate "2009.08.22"]
[EventType "swiss"]
[EventRounds "9"]
[EventCountry "SVK"]
[SourceTitle "CBM 132 Extra"]
[Source "ChessBase"]
[SourceDate "2009.11.03"]
[SourceVersion "1"]
[SourceVersionDate "2009.11.03"]
[SourceQuality "1"]

1. d4 Nf6 2. c4 e5 3. dxe5 Ng4 4. Bf4 Nc6 5. Nf3 Bb4+ 6. Nbd2 Qe7 7. a3 Ncxe5 8. Bxe5 Nxe5 9. Nxe5 Bxd2+ 10. Qxd2 Qxe5 11. e3 d6 12. Be2 0-0 13. 0-0 Bf5 14. Rac1 b6 15. Qc3 Rfe8 16. Bf3 Be4 17. Qxe5 Rxe5 18. Bxe4 Rxe4 19. Rfd1 Rae8 20. g3 f5 21. Rd5 g6 22. Rc3 Kf7 23. Kg2 R8e7 24. b3 Kf6 25. h4 h6 26. Rd1 R4e5 27. Rdc1 Kf7 28. Rd1 Ke8 29. b4 a5 30. Rb1 Kd7 31. Kf3 Re8 32. Rbb3 axb4 33. axb4 Ra8 34. Ra3 Rxa3 35. Rxa3 Re4 36. Rc3 b5 37. cxb5 Rxb4 38. Ra3 Rxb5 39. Ra8 Re5 40. Rh8 h5 41. Rg8 Re6 42. Ke2 c5 43. Kd3 d5 44. f3 Ra6 45. Rg7+ Ke8 46. Rc7 Ra3+ 47. Ke2 c4 48. Rg7 Ra6 49. Rc7 Ra2+ 50. Kf1 Kd8 51. Rc5 Rd2 52. e4 Rd3 53. exd5 Rxf3+ 54. Kg2 Rc3 55. Rc6 Rc1 56. Kf3 c3 57. Kf4 c2 58. Kg5 f4 59. Kxf4 Rf1+ 60. Kg5 c1Q+ 61. Rxc1 Rxc1 62. Kxg6 Rg1 63. Kxh5 Rxg3 64. Kh6 Ke7 65. h5 Kf7 66. Kh7 Rg5 67. h6 Rxd5 68. Kh8 Rd8+ 69. Kh7 Rd6 0-1

[Event "Piestany op"]
[Site "Piestany"]
[Date "2009.07.29"]
[Round "5"]
[White "Spik, Peter"]
[Black "Gono, Michal"]
[Result "1-0"]
[WhiteElo "2093"]
[BlackElo "1866"]
[PlyCount "107"]
[EventDate "2009.07.26"]
[EventType "swiss"]
[EventRounds "7"]
[EventCountry "SVK"]
[SourceTitle "EXT 2010"]
[Source "ChessBase"]
[SourceDate "2010.11.25"]
[SourceVersion "1"]
[SourceVersionDate "2010.11.25"]
[SourceQuality "1"]

1. d4 d5 2. c4 e6 3. Nc3 Nf6 4. Bg5 Nbd7 5. Nf3 c6 6. e3 Qa5 7. Bxf6 Nxf6 8. Bd3 Bd6 9. 0-0 0-0 10. Qd2 Bb4 11. Rfc1 Bd7 12. a3 Bxc3 13. Qxc3 Qxc3 14. Rxc3 Rfc8 15. Ne5 Be8 16. Rac1 Ne4 17. Bxe4 dxe4 18. c5 Kf8 19. Nc4 f5 20. Nd6 Rc7 21. b4 Ke7 22. Rb1 a6 23. a4 Bd7 24. Rcb3 g5 25. f3 exf3 26. gxf3 Kf6 27. f4 Rg8 28. Kf2 h6 29. Rg1 Be8 30. Rg3 g4 31. Rb1 Bg6 32. b5 axb5 33. axb5 Ra8 34. bxc6 Ra2+ 35. Kg1 bxc6 36. Rg2 Rca7 37. Rgb2 h5 38. Nc4 h4 39. Ne5 Be8 40. h3 Rxb2 41. Rxb2 Ra1+ 42. Kg2 gxh3+ 43. Kxh3 Rh1+ 44. Kg2 Re1 45. Rb3 Re2+ 46. Kh3 Re1 47. Kxh4 Rh1+ 48. Kg3 Rg1+ 49. Kf2 Rg7 50. Rb8 Re7 51. Rc8 Bh5 52. Rxc6 Rb7 53. Rb6 Ra7 54. Rb2 1-0